Work of the film director (Record no. 29134)

MARC details
000 -LEADER
fixed length control field 00270nam a2200109Ia 4500
082 ## - DEWEY DECIMAL CLASSIFICATION NUMBER
Classification number 791.44.071.1
Item number REY
100 ## - MAIN ENTRY--AUTHOR NAME
Personal name Reynetson, A J
245 #0 - TITLE STATEMENT
Title Work of the film director
260 ## - PUBLICATION, DISTRIBUTION, ETC. (IMPRINT)
Place of publication London
Name of publisher Focal
Year of publication 1970
942 ## - ADDED ENTRY ELEMENTS (KOHA)
Koha item type Books
Holdings
Withdrawn status Lost status Damaged status Not for loan Home library Current library Date acquired Full call number Accession Number Koha item type
        RRII Library RRII Library 16/12/2021 791.44.071.1 REY 09724 Books